Statistics for Fact or Fiction?

Click here to take the quiz!

General Stats

  • This quiz has been taken 552 times
  • The average score is 13 of 20

Answer Stats

QuestionAnswer% Correct
Tomatos are a fruitFact
95%
French Fries were not actually invented in FranceFact
95%
Noodles were invented in China not ItalyFact
90%
Sunflowers generally face towards the sunFact
83%
You can safely consume most foods past their expiration dateFact
79%
The entirety of modern day Russia was conquered by the MongolsFiction
78%
The avarage person consumes eight spiders a year while asleepFiction
77%
Vending machines kill more humans anually than sharksFact
74%
MSG has significant health repercussions in most casesFiction
73%
Chocolate was once used a currencyFact
62%
Panda bears are bearsFact
61%
The Great Wall of China can be seen from outer spaceFiction
61%
Mexican independence day is on May 5thFiction
54%
Africa is the only continent in all four hemispheresFiction
51%
The Pyramids of Giza were not actually built by slavesFact
47%
The People's Republic of China originaly controlled the island of Taiwan before it was taken over by the Republic of ChinaFiction
47%
It is illegal to be homosexual in RussiaFiction
43%
Pong was the first ever video gameFiction
42%
The Black Plague was carried by ratsFiction
30%
The official capital of Switzerland is BernFiction
23%

Score Distribution

Percentile by Number Answered

Percent of People with Each Score

Your Score History

You have not taken this quiz